ORAL DEVELOPMENT AND HISTOLOGY (Record no. 2679)

MARC details
000 -LEADER
fixed length control field 00348nam a2200145Ia 4500
008 - FIXED-LENGTH DATA ELEMENTS--GENERAL INFORMATION
fixed length control field 150201s1998 xx 000 0 und d
082 ## - DEWEY DECIMAL CLASSIFICATION NUMBER
Classification number 617
Item number O1998A
100 ## - MAIN ENTRY--PERSONAL NAME
Personal name AVERY,JAMES
245 ## - TITLE STATEMENT
Title ORAL DEVELOPMENT AND HISTOLOGY
250 ## - EDITION STATEMENT
Edition statement 1ST
260 ## - PUBLICATION, DISTRIBUTION, ETC. (IMPRINT)
Name of publisher, distributor, etc. B.C.DECKER
Place of publication, distribution, etc. TORONTO
Date of publication, distribution, etc. 1998
300 ## - PHYSICAL DESCRIPTION
Extent 1-380
650 ## - SUBJECT ADDED ENTRY--TOPICAL TERM
Topical term or geographic name as entry element DENTAL ANATOMY
942 ## - ADDED ENTRY ELEMENTS (KOHA)
Source of classification or shelving scheme Dewey Decimal Classification
Koha item type Books
Holdings
Withdrawn status Lost status Source of classification or shelving scheme Damaged status Not for loan Home library Current library Date acquired Source of acquisition Cost, normal purchase price Serial Enumeration / chronology SGTU Bill Number Total Checkouts Full call number Barcode Date last seen Bill Date Koha item type Date last checked out
    Dewey Decimal Classification     SGT Dental Library SGT Dental Library 13/07/2003 U.B.S.DELHI 20.00 1 SGTU 279   617 O1998A FD959 09/02/2015 09/02/2012 Books  
    Dewey Decimal Classification     SGT Dental Library SGT Dental Library 13/07/2003 U.B.S.DELHI 20.00 1 SGTU 279 2 617 O1998A FD960 03/07/2018 09/02/2012 Books 16/06/2018